[Event "Titled Tuesday intern op 22nd Sept"]
[Site "Chess.com INT"]
[Date "2020.09.22"]
[Round "4"]
[White "Blackman, Justin"]
[Black "Sviridova, Vlada"]
[Result "1-0"]
[WhiteElo "2192"]
[BlackElo "2144"]
[PlyCount "93"]
[EventDate "2020.09.22"]
[EventType "swiss (blitz)"]
[EventRounds "10"]
[EventCountry "USA"]
[SourceTitle "CBM 198 Extra"]
[Source "ChessBase"]
[SourceDate "2020.11.30"]
[SourceVersion "1"]
[SourceVersionDate "2020.11.30"]
[SourceQuality "1"]

1. e4 e6 2. d4 d5 3. Nc3 Bb4 4. e5 c5 5. a3 Bxc3+ 6. bxc3 Ne7 7. h4 b6 8. h5 h6 9. Qg4 Kf8 10. Rh3 Ba6 11. Bxa6 Nxa6 12. Rf3 Nf5 13. Ne2 Qh4 14. Qf4 Qxf4 15. Rxf4 Rc8 16. g4 Ne7 17. Kd2 g5 18. hxg6 Nxg6 19. Rf6 Kg7 20. a4 h5 21. a5 b5 22. gxh5 Rxh5 23. Ng3 Rh2 24. Bb2 cxd4 25. cxd4 b4 26. Rh1 Rxh1 27. Nxh1 Nc7 28. Ng3 Ne8 29. Rf3 Rc4 30. Rb3 Kh6 31. Nf1 Ng7 32. Ne3 Rc7 33. Rxb4 Nh5 34. a6 Rc6 35. Rb7 Rxa6 36. Rxf7 Nhf4 37. c4 Ra2 38. Kc2 dxc4 39. Nxc4 Ra4 40. Kb3 Ra6 41. Bc1 Rc6 42. Bxf4+ Nxf4 43. Rxf4 Rc8 44. Rf6+ Kg5 45. Rxe6 Kf5 46. Ra6 Ke4 47. Nd6+ 1-0

[Event "Titled Tuesday intern op 22nd Sept"]
[Site "Chess.com INT"]
[Date "2020.09.22"]
[Round "8"]
[White "Degenbaev, Aziz"]
[Black "Blackman, Justin"]
[Result "1-0"]
[WhiteElo "1816"]
[BlackElo "2192"]
[PlyCount "99"]
[EventDate "2020.09.22"]
[EventType "swiss (blitz)"]
[EventRounds "10"]
[EventCountry "USA"]
[SourceTitle "CBM 198 Extra"]
[Source "ChessBase"]
[SourceDate "2020.11.30"]
[SourceVersion "1"]
[SourceVersionDate "2020.11.30"]
[SourceQuality "1"]

1. c4 e5 2. Nc3 Nc6 3. g3 Bc5 4. Bg2 a6 5. e3 Ba7 6. Nge2 d6 7. d4 h5 8. h3 h4 9. g4 f5 10. f3 Nf6 11. Qd3 Qe7 12. a3 exd4 13. exd4 Nxd4 14. g5 Nh5 15. Nd5 Qe5 16. f4 Qxe2+ 17. Qxe2+ Nxe2 18. Kxe2 Ng3+ 19. Kd3 Kd8 20. Re1 c6 21. Nc3 Bd7 22. b4 Re8 23. Bb2 Kc7 24. b5 axb5 25. cxb5 Bc5 26. a4 d5 27. bxc6 bxc6 28. a5 Bb4 29. Rec1 Kd6 30. a6 Ne4 31. Nxe4+ fxe4+ 32. Ke2 c5 33. Bxg7 Bb5+ 34. Kd1 Bxa6 35. Be5+ Kc6 36. Rab1 Bc4 37. Rxc4 dxc4 38. Bxe4+ Kb5 39. Bxa8 Rxa8 40. g6 Kc6 41. Ke2 Kd5 42. Kf3 Ra3+ 43. Kg4 Rg3+ 44. Kf5 c3 45. g7 c2 46. Rc1 Rg2 47. Rxc2 Rg1 48. Kf6 c4 49. Kf7 Ke4 50. Rxc4+ 1-0